Statistiken für Flaggen des Ersten Weltkriegs

Klicken Sie hier um das Quiz zu spielen!

Allgemein

  • Dieses Quiz wurde 54 mal gespielt
  • Das Durchschnittsergebnis liegt bei 14 aus 20

Antwortstatistiken

Antwort% Korrekt
Russisches Reich
98%
Frankreich
94%
Vereinigtes Königreich
94%
Rumänien
92%
Vereinigte Staaten
92%
Belgien
90%
Deutschland
90%
Australien
88%
Bulgarien
88%
Neuseeland
88%
Portugal
88%
Serbien
88%
Italien
86%
Osmanisches Reich
73%
Österreich-Ungarn
51%
Kanada
45%
Griechenland
35%
Montenegro
29%
Südafrika
20%
Neufundland
8%

Verteilung der Resultate

Perzentil nach korrekt beantworteten Fragen

Anzahl Personen mit jedem Resultat

Ihre Resultats-Entwicklung

Sie haben dieses Quiz noch nicht gespielt